In Jillas' application (Record no. 64190)
[ view plain ]
| 000 -LEADER | |
|---|---|
| fixed length control field | 01330cam a2200253 4500 |
| 001 - CONTROL NUMBER | |
| control field | ABS62662 |
| 008 - FIXED-LENGTH DATA ELEMENTS--GENERAL INFORMATION | |
| fixed length control field | 000000n2000 000 0 eng u |
| 035 ## - SYSTEM CONTROL NUMBER | |
| System control number | (Sirsi) u107357 |
| 245 ## - TITLE STATEMENT | |
| Title | In Jillas' application |
| 260 ## - PUBLICATION, DISTRIBUTION, ETC. | |
| Date of publication, distribution, etc. | 2000 |
| 490 ## - SERIES STATEMENT | |
| Series statement | Estates Gazette Law Reports |
| Volume/sequential designation | [2000] 23 EG 147-152(6) |
| 520 ## - SUMMARY, ETC. | |
| Summary, etc. | LT 30 November 1999. In 1997 Mr and Mrs Jilla applied for planning permission to extend their house at 138 Hainault Road, Chigwell, Essex. Planning permission was refused, but granted on appeal on 16 September 1998. In accordance with the planning permission, Mr and Mrs Jilla applied under the Law of Property Act 1925 S84 to discharge, or modify a restrictive covenant affecting land in their freehold ownership. The application was objected to by the successor in title to the covenantee, Mrs Melbourne, arguing that her property would be reduced in value. 'Decision' the application was allowed under para (aa) and and an award of £10,000 was granted. |
| 590 ## - LOCAL NOTE (RLIN) | |
| Local note | ABS |
| 650 ## - SUBJECT ADDED ENTRY--TOPICAL TERM | |
| Topical term or geographic name entry element | RESTRICTIVE COVENANTS |
| 650 ## - SUBJECT ADDED ENTRY--TOPICAL TERM | |
| Topical term or geographic name entry element | PLANNING PERMISSION |
| 650 ## - SUBJECT ADDED ENTRY--TOPICAL TERM | |
| Topical term or geographic name entry element | EXTENSION |
| 650 ## - SUBJECT ADDED ENTRY--TOPICAL TERM | |
| Topical term or geographic name entry element | MODIFICATION |
| 650 ## - SUBJECT ADDED ENTRY--TOPICAL TERM | |
| Topical term or geographic name entry element | DISCHARGE |
| 650 ## - SUBJECT ADDED ENTRY--TOPICAL TERM | |
| Topical term or geographic name entry element | COMPENSATION |
| 650 ## - SUBJECT ADDED ENTRY--TOPICAL TERM | |
| Topical term or geographic name entry element | LAW OF PROPERTY ACT 1925 S84 |
| 650 ## - SUBJECT ADDED ENTRY--TOPICAL TERM | |
| Topical term or geographic name entry element | CRYER V SCOTT BROTHERS (SUNBURY) LTD |
| 690 ## - LOCAL SUBJECT ADDED ENTRY--TOPICAL TERM (OCLC, RLIN) | |
| Topical term or geographic name as entry element | PROPERTY AND LAND LAW-CASE LAW |
| 942 ## - ADDED ENTRY ELEMENTS (KOHA) | |
| Suppress in OPAC | 0 |
| Withdrawn status | Lost status | Source of classification or shelving scheme | Damaged status | Not for loan | Home library | Current library | Shelving location | Date acquired | Total Checkouts | Full call number | Barcode | Date last seen | Copy number | Price effective from | Koha item type |
|---|---|---|---|---|---|---|---|---|---|---|---|---|---|---|---|
| Dewey Decimal Classification | London | London | Journal article | 27/07/2000 | ABS62662 | 107357-1001 | 06/08/2019 | 1 | 06/08/2019 | Law report |